00637nam a2200193Ia 4500952014300000999001700143003000400160005001700164008004100181020001800222040000900240082002200249100002500271245004400296260003200340300000800372650001300380942005000393 00102ddc40708SSaMESbMEScMALd2019-02-20g45.00l1o894.812301 SEB/Np29878r2024-03-04 11:34:42s2024-02-19w2019-02-20yBKzGR31R1 c28612d28612OSt20210106111628.0190216s9999||||xx |||||||||||||| ||und|| a9788126410781 coclc a894.812301bSEB/N aSebastian, K A96994 0aNalpatham Number Mazha /cK A Sebastian bDc Books,aKottayam:c2005. a72p aKathakal cBK2ddch894.812301iSEB/Nk894.812301mSEB/N